PEOPLE Cover Stories - TV Personalities Quiz Stats

 Plays Quiz not verified by Sporcle

Score 0/20 Timer 06:00
0 Plays Today
% Correct
Courteney Cox
96.9%
Tom Selleck
95.2%
Charlie Sheen
95.2%
Ellen DeGeneres
94.2%
Khloe Kardashian
92.1%
Martha Stewart
90.2%
Sarah Jessica Parker
87.9%
Kelly Ripa
87%
Jerry Seinfeld
86.7%
Mr. T
86.3%
% Correct
Oprah Winfrey
86%
Katie Couric
85.7%
David Frost
85.6%
Morgan Fairchild
84.4%
Ed Asner
83.9%
Julia Child
82.9%
Richard Simmons
82.6%
Peter Jennings
78.5%
Tony Randall
76.7%
Mark Harmon
73.4%

You're not logged in!

Compare scores with friends on all Sporcle quizzes.
OR
Log In

Show Comments

Extras

Top Quizzes Today


Score Distribution

Your Account Isn't Verified!

In order to create a playlist on Sporcle, you need to verify the email address you used during registration. Go to your Sporcle Settings to finish the process.

Report this User

Report this user for behavior that violates our Community Guidelines.

Details: